[Event "World Blitz 2015"]
[Site "Berlin GER"]
[Date "2015.10.13"]
[Round "4.48"]
[White "Bauer, Christian"]
[Black "Abel, Dennes"]
[Result "1-0"]
[WhiteTitle "GM"]
[BlackTitle "IM"]
[WhiteElo "2623"]
[BlackElo "2441"]
[WhiteFideId "603767"]
[BlackFideId "24605417"]
[EventDate "2015.10.13"]

1. d4 d5 2. Bf4 Nf6 3. e3 c5 4. Nc3 a6 5. Nf3 cxd4 6. exd4 Nc6 7. Ne5 Bd7 8. Qd3
Rc8 9. a3 g6 10. Be2 Bg7 11. O-O O-O 12. Rad1 Bf5 13. Qd2 Ne4 14. Nxe4 Bxe4 15.
c3 Bf5 16. Rfe1 Nxe5 17. dxe5 Be6 18. Bf3 Qb6 19. h4 h5 20. Be3 Qb3 21. Bd4 Rfd8
22. Ra1 Kh7 23. a4 Bf5 24. Bd1 Qc4 25. Qg5 e6 26. a5 Rd7 27. Ra4 Qc7 28. Bb6 Qc6
29. Rd4 Re8 30. Ba4 Qc8 31. Bxd7 Qxd7 32. c4 Qc6 33. Qc1 dxc4 34. Rxc4 Qb5 35.
Rc5 Qb3 36. Rc7 Kg8 37. Rxb7 Qa4 38. g3 Qg4 39. Qd1 Qb4 40. b3 Bg4 41. Qc1 Bh6
42. Qb1 Bf5 43. Qd1 Bg4 44. Qa1 Bd2 45. Rf1 Bc3 46. Qc1 Be2 47. Rc7 Bxe5 48. Qc6
Rf8 49. Bc5 Qb5 50. Qxb5 Bxb5 51. Bxf8 Bxf1 52. Rc8 Bb5 53. Bd6+ Kh7 54. Bxe5 1-0

[Event "World Blitz 2015"]
[Site "Berlin GER"]
[Date "2015.10.13"]
[Round "4.50"]
[White "Piorun, Kacper"]
[Black "Sumets, Andrey"]
[Result "0-1"]
[WhiteTitle "GM"]
[BlackTitle "GM"]
[WhiteElo "2609"]
[BlackElo "2583"]
[WhiteFideId "1130420"]
[BlackFideId "14105500"]
[EventDate "2015.10.13"]

1. e4 c6 2. Nc3 d5 3. Nf3 Bg4 4. h3 Bxf3 5. Qxf3 e6 6. d4 dxe4 7. Nxe4 Qxd4 8.
Bd3 Nd7 9. c3 Qd5 10. Qe2 Ngf6 11. O-O Be7 12. Rd1 Qh5 13. Qc2 Nxe4 14. Bxe4 Nf6
15. Bf3 Qa5 16. b4 Qc7 17. a4 O-O 18. Qb3 Rad8 19. Be3 Nd5 20. Bd2 Bf6 21. Rac1
Rd7 22. c4 Ne7 23. Be1 Rfd8 24. Rxd7 Rxd7 25. b5 c5 26. a5 Nf5 27. b6 axb6 28.
axb6 Qd6 29. Rd1 Nd4 30. Rxd4 Bxd4 31. Qa4 g6 32. Qa8+ Kg7 33. Qc8 Rd8 34. Qc7
Be5 35. Qxd6 Bxd6 36. Bc3+ f6 37. g4 Kf7 38. h4 Be5 39. Ba5 Ra8 40. Bd2 Ra6 41.
Bxb7 Rxb6 42. Be4 Bd4 43. Kf1 Rb2 44. Be1 f5 45. Bf3 e5 46. h5 e4 47. hxg6+ hxg6
48. Bg2 Rc2 49. gxf5 gxf5 0-1

[Event "World Blitz 2015"]
[Site "Berlin GER"]
[Date "2015.10.13"]
[Round "4.51"]
[White "Hjartarson, Johann"]
[Black "Lagunow, Raphael"]
[Result "1-0"]
[WhiteTitle "GM"]
[WhiteElo "2529"]
[BlackElo "2164"]
[WhiteFideId "2300044"]
[BlackFideId "24652644"]
[EventDate "2015.10.13"]

1. c4 e5 2. g3 Nc6 3. Bg2 g6 4. Nc3 Bg7 5. e3 d6 6. Nge2 f5 7. O-O Nf6 8. d3 O-O
9. Rb1 Be6 10. b4 d5 11. cxd5 Nxd5 12. b5 Nce7 13. a4 e4 14. Nxd5 Bxd5 15. Ba3
Re8 16. Nf4 Ba2 17. Rc1 exd3 18. Qxd3 Qxd3 19. Nxd3 Rad8 20. Nb4 Bb3 21. Rxc7
Bxa4 22. Rxb7 Rb8 23. Rxb8 Rxb8 24. Nc6 Nxc6 25. bxc6 Be5 26. Rc1 Rc8 27. f4 Bc7
28. Bd5+ Kg7 29. Bb2+ Kf8 30. Be6 Re8 31. Bd5 Ke7 32. Ra1 Rb8 33. Bd4 Rb4 34.
Bc5+ 1-0

[Event "World Blitz 2015"]
[Site "Berlin GER"]
[Date "2015.10.13"]
[Round "4.53"]
[White "Demuth, Adrien"]
[Black "Volokitin, Andrei"]
[Result "0-1"]
[WhiteTitle "GM"]
[BlackTitle "GM"]
[WhiteElo "2545"]
[BlackElo "2639"]
[WhiteFideId "642274"]
[BlackFideId "14107090"]
[EventDate "2015.10.13"]

1. Nf3 c5 2. b3 d6 3. c4 e5 4. Nc3 g6 5. d3 Bg7 6. Bb2 Ne7 7. g3 O-O 8. Bg2 Nbc6
9. O-O h6 10. Nd2 Be6 11. a3 f5 12. b4 cxb4 13. axb4 Nxb4 14. Ba3 Nbc6 15. Nd5
Bxd5 16. cxd5 Nd4 17. Rb1 Qd7 18. Nc4 Nb5 19. Qa4 a6 20. Nxd6 Rfd8 21. Nxb5 axb5
22. Qb3 Nxd5 23. e4 fxe4 24. dxe4 Rxa3 25. Qxa3 Nc7 26. Qb3+ Kh7 27. Rfd1 Qe7
28. Rxd8 Qxd8 29. Qf7 Qd6 30. Rc1 Ne6 31. Qxb7 b4 32. Rb1 Nd4 33. Qxb4 Qf6 34.
Qd2 h5 35. Qe3 Qc6 36. h4 Bf8 37. Rc1 Qxc1+ 38. Qxc1 Ne2+ 39. Kf1 Nxc1 40. Bh3
Bc5 41. Bd7 Nd3 42. f3 Bd4 43. Kg2 Ne1+ 44. Kf1 Nxf3 45. Ke2 Nh2 0-1

[Event "World Blitz 2015"]
[Site "Berlin GER"]
[Date "2015.10.13"]
[Round "4.55"]
[White "Przybylski, Wojciech"]
[Black "Roiz, Michael"]
[Result "0-1"]
[WhiteTitle "FM"]
[BlackTitle "GM"]
[WhiteElo "2354"]
[BlackElo "2600"]
[WhiteFideId "1117599"]
[BlackFideId "2804158"]
[EventDate "2015.10.13"]

1. e4 c6 2. Nc3 d5 3. Nf3 dxe4 4. Nxe4 Nf6 5. Nxf6+ exf6 6. g3 Bd6 7. Bg2 O-O 8.
O-O Re8 9. d4 Bf5 10. Be3 Nd7 11. c4 Be4 12. Nd2 Bxg2 13. Kxg2 f5 14. Nf3 Nf6
15. Bg5 h6 16. Bxf6 Qxf6 17. Qd3 Re4 18. Rfe1 Rae8 19. Re3 Rxe3 20. fxe3 g6 21.
Re1 Qe6 22. Nd2 Bb4 23. Re2 Bxd2 24. Qxd2 Qxc4 25. b3 Qd5+ 26. Kg1 h5 27. Re1 h4
28. Qg2 Re4 29. Qf2 Rg4 30. Re2 Qe4 31. Qg2 Qd3 32. Qf2 hxg3 33. hxg3 Re4 34.
Kg2 Qb5 35. Qf3 Kg7 36. Kf2 Qd5 37. Rc2 Qe6 38. Re2 Qe8 39. Re1 Qe7 40. Re2 Qg5
41. Re1 Qf6 42. Rh1 Qg5 43. Re1 Re8 44. Rh1 Rh8 45. Rxh8 Kxh8 46. Qe2 Qh6 47.
Kg2 Qf8 48. Qc4 Qe7 49. Qc3 Kg8 50. Kf2 Qd6 51. Qa5 a6 52. Qb6 Qe7 53. Qa7 Kg7
54. Qb8 Qd7 55. Qe5+ f6 56. Qc5 Kf7 57. Qb4 Qe7 58. Qc4+ Kg7 59. Qc3 g5 60. Qd2
Qe4 61. Qc3 Kg6 62. a4 g4 63. Qb4 Qf3+ 64. Ke1 Qxe3+ 65. Kd1 Qf3+ 66. Kc2 Qg2+
67. Kb1 Qxg3 68. Qxb7 Qg1+ 69. Ka2 Qf2+ 70. Ka3 Qxd4 71. Qxc6 a5 72. Ka2 Qd2+
73. Ka3 Qb4+ 74. Ka2 Kg5 75. Qd7 Kf4 76. Qc7+ Kf3 77. Qh7 Qd2+ 78. Ka3 Qc1+ 79.
Ka2 Qc2+ 80. Ka3 Kg3 81. Qh1 Qc5+ 82. Ka2 Qf2+ 83. Ka3 f4 84. Qd5 f3 85. Qd6+
Kg2 86. Qxf6 g3 87. Qc6 Qe1 88. Ka2 Qe2+ 89. Ka3 Qd1 90. Kb2 Kg1 91. Qg6 0-1

[Event "World Blitz 2015"]
[Site "Berlin GER"]
[Date "2015.10.13"]
[Round "4.57"]
[White "Edouard, Romain"]
[Black "Naumann, Alexander"]
[Result "1-0"]
[WhiteTitle "GM"]
[BlackTitle "GM"]
[WhiteElo "2636"]
[BlackElo "2545"]
[WhiteFideId "633429"]
[BlackFideId "4623169"]
[EventDate "2015.10.13"]

1. d4 d5 2. c4 c6 3. Nf3 Nf6 4. Nbd2 Bf5 5. Qb3 Qc7 6. g3 e6 7. Bg2 Nbd7 8. Nh4
Bg6 9. Nxg6 hxg6 10. O-O Be7 11. e4 dxe4 12. Nxe4 Nxe4 13. Bxe4 Nf6 14. Bg2 Rd8
15. Bf4 Bd6 16. Bg5 Be7 17. Rad1 Ng4 18. Bxe7 Qxe7 19. d5 Nxh2 20. dxc6 Nxf1 21.
cxb7 O-O 22. Rxd8 Qxd8 23. Kxf1 Qc7 24. c5 Rd8 25. Bf3 g5 26. c6 g6 27. Qb5 f5
28. Qc5 g4 29. Be2 a6 30. b4 Kf7 31. a4 Rd5 32. Qa7 Rd8 33. b8=Q 1-0

[Event "World Blitz 2015"]
[Site "Berlin GER"]
[Date "2015.10.13"]
[Round "4.58"]
[White "Rublevsky, Sergei"]
[Black "Al-Sayed, Mohammed"]
[Result "1-0"]
[WhiteTitle "GM"]
[BlackTitle "GM"]
[WhiteElo "2702"]
[BlackElo "2520"]
[WhiteFideId "4115309"]
[BlackFideId "12100196"]
[EventDate "2015.10.13"]

1. e4 c5 2. Nf3 d6 3. Bb5+ Bd7 4. Bxd7+ Qxd7 5. c4 Nf6 6. Nc3 Nc6 7. O-O g6 8.
d4 cxd4 9. Nxd4 Nxd4 10. Qxd4 Bg7 11. Bg5 O-O 12. Qd3 Rfe8 13. h3 Qc6 14. Rad1
h6 15. Bc1 Nd7 16. b3 Nc5 17. Qc2 Bxc3 18. Qxc3 Nxe4 19. Qd4 Kh7 20. Rfe1 Ng5
21. Qh4 f6 22. Rd5 Kg7 23. f4 Nf7 24. f5 Ng5 25. Qg3 gxf5 26. h4 Kg6 27. hxg5
hxg5 28. Rxf5 Kxf5 29. Qd3+ Kg4 30. Qh3# 1-0

[Event "World Blitz 2015"]
[Site "Berlin GER"]
[Date "2015.10.13"]
[Round "4.61"]
[White "Sanal, Vahap"]
[Black "Romanov, Evgeny"]
[Result "1-0"]
[WhiteTitle "IM"]
[BlackTitle "GM"]
[WhiteElo "2501"]
[BlackElo "2573"]
[WhiteFideId "6300545"]
[BlackFideId "4148843"]
[EventDate "2015.10.13"]

1. e4 e5 2. Nf3 Nc6 3. Bb5 g6 4. O-O Bg7 5. c3 a6 6. Ba4 d6 7. d4 Bd7 8. dxe5
Nxe5 9. Nxe5 dxe5 10. Be3 Nf6 11. Nd2 O-O 12. h3 Qe7 13. Bb3 Bc6 14. Qc2 Nh5 15.
Nc4 b6 16. a4 Nf4 17. Kh2 Kh8 18. a5 f5 19. Nd2 Nxg2 20. Kxg2 f4 21. Bxb6 cxb6
22. axb6 f3+ 23. Nxf3 Bh6 24. Bd5 Qf6 25. Qe2 Bxd5 26. exd5 Qxb6 27. Qxe5+ Bg7
28. Qe2 Rae8 29. Rxa6 Qb7 30. Re6 Rd8 31. Rd1 Qb3 32. Re7 Bf6 33. Re6 Kg7 34. d6
Kf7 35. Re4 Rd7 36. Qc4+ Qxc4 37. Rxc4 Rfd8 38. Rc7 Ke6 39. Rxd7 Rxd7 40. Nd4+
Kxd6 41. Ne2+ Kc6 1-0

[Event "World Blitz 2015"]
[Site "Berlin GER"]
[Date "2015.10.13"]
[Round "4.62"]
[White "Bok, Benjamin"]
[Black "Pavlidis, Antonios"]
[Result "0-1"]
[WhiteTitle "GM"]
[BlackTitle "GM"]
[WhiteElo "2591"]
[BlackElo "2522"]
[WhiteFideId "1017063"]
[BlackFideId "4212312"]
[EventDate "2015.10.13"]

1. e4 c5 2. Nf3 Nc6 3. Bb5 Nf6 4. Bxc6 dxc6 5. d3 Qc7 6. g3 e5 7. O-O Be6 8.
Nbd2 h6 9. b3 Nd7 10. Nc4 Be7 11. Be3 g5 12. a4 g4 13. Bc1 h5 14. Nfd2 O-O-O 15.
Bb2 h4 16. Qe2 Rdg8 17. Ne3 Bg5 18. Nf5 Kb8 19. Nc4 0-1

[Event "World Blitz 2015"]
[Site "Berlin GER"]
[Date "2015.10.13"]
[Round "4.63"]
[White "Grandelius, Nils"]
[Black "Ganguly, Surya Shekhar"]
[Result "0-1"]
[WhiteTitle "GM"]
[BlackTitle "GM"]
[WhiteElo "2647"]
[BlackElo "2652"]
[WhiteFideId "1710400"]
[BlackFideId "5002150"]
[EventDate "2015.10.13"]

1. Nf3 Nf6 2. c4 b6 3. Nc3 Bb7 4. d4 e6 5. a3 d5 6. cxd5 Nxd5 7. e3 Nxc3 8. bxc3
g6 9. Bb5+ c6 10. Ba4 Bg7 11. O-O O-O 12. e4 c5 13. Bg5 Qc7 14. Re1 Nc6 15. Bxc6
Bxc6 16. Qd2 Rfe8 17. h4 Qb7 18. Qf4 f6 19. Bh6 Bxh6 20. Qxh6 Bxe4 21. Nh2 Bxg2
22. Ng4 Rf8 23. Rxe6 Bh3 24. f3 Qxf3 0-1

[Event "World Blitz 2015"]
[Site "Berlin GER"]
[Date "2015.10.13"]
[Round "4.64"]
[White "Shchekachev, Andrei"]
[Black "Stefansson, Hannes"]
[Result "1-0"]
[WhiteTitle "GM"]
[BlackTitle "GM"]
[WhiteElo "2531"]
[BlackElo "2602"]
[WhiteFideId "4107730"]
[BlackFideId "2300087"]
[EventDate "2015.10.13"]

1. Nf3 Nf6 2. c4 c6 3. Nc3 d5 4. d4 e6 5. Bg5 h6 6. Bxf6 Qxf6 7. g3 dxc4 8. Bg2
Nd7 9. O-O Be7 10. Qc2 O-O 11. Rfd1 e5 12. d5 Nc5 13. Nd2 Bf5 14. Qc1 Rad8 15.
dxc6 bxc6 16. Nxc4 Rxd1+ 17. Qxd1 Rd8 18. Qe1 Qe6 19. Ne3 Bg6 20. Rd1 Rd4 21.
Rc1 a5 22. Nc2 Rd8 23. Na3 a4 24. h4 e4 25. Rd1 Rb8 26. Qd2 Bf6 27. Qc1 e3 28.
f4 Qg4 29. Qxe3 Ne6 30. Nc4 a3 31. b3 c5 32. Ne5 Bxe5 33. Qxe5 Rf8 34. Kh2 Nd4
35. Bh3 Qh5 36. Qxh5 Bxh5 37. g4 Bg6 38. f5 Bh7 39. e3 Nf3+ 40. Kg3 Ne5 41. Kf4
Nc6 42. Ne4 Nb4 43. Rd2 Rc8 44. Nxc5 g5+ 45. fxg6 Bxg6 46. Nd7 Rc2 47. Rd4 Nxa2
48. Ra4 Nc3 49. Rxa3 Rf2+ 50. Ke5 Rf3 51. Bg2 Rxe3+ 52. Kd4 Rg3 53. Ra8+ Kg7 54.
Bc6 Ne2+ 55. Kc5 Rxg4 56. b4 Nf4 57. b5 Nd3+ 58. Kd6 Rd4+ 59. Kc7 Nb4 60. Ne5
Be4 61. Bxe4 Rxe4 62. Nc6 f5 63. Nxb4 Rxb4 64. b6 f4 65. b7 1-0

[Event "World Blitz 2015"]
[Site "Berlin GER"]
[Date "2015.10.13"]
[Round "4.65"]
[White "Handke, Florian"]
[Black "Nikolic, Predrag"]
[Result "1-0"]
[WhiteTitle "GM"]
[BlackTitle "GM"]
[WhiteElo "2531"]
[BlackElo "2603"]
[WhiteFideId "4634527"]
[BlackFideId "14400014"]
[EventDate "2015.10.13"]

1. d4 Nf6 2. Nf3 e6 3. c4 b6 4. Bf4 Bb4+ 5. Nfd2 Bb7 6. e3 O-O 7. a3 Be7 8. Nc3
c5 9. d5 exd5 10. cxd5 Nxd5 11. Qf3 Nxf4 12. Qxb7 Nc6 13. exf4 Bf6 14. Be2 Re8
15. Qa6 Bxc3 16. bxc3 Qf6 17. O-O Qxc3 18. Nf3 Qf6 19. Rad1 Rad8 20. Bb5 h6 21.
g3 Re7 22. Rfe1 Rxe1+ 23. Rxe1 d5 24. Bxc6 Qxc6 25. Qxa7 Qd6 26. Re7 Rf8 27. Ne5
d4 28. Rxf7 Rxf7 29. Qxf7+ Kh7 30. Qf5+ Kg8 31. Qf7+ Kh8 32. Ng6+ Kh7 33. Ne7 1-0

[Event "World Blitz 2015"]
[Site "Berlin GER"]
[Date "2015.10.13"]
[Round "4.66"]
[White "Richter, Michael"]
[Black "Seirawan, Yasser"]
[Result "1-0"]
[WhiteTitle "GM"]
[BlackTitle "GM"]
[WhiteElo "2517"]
[BlackElo "2620"]
[WhiteFideId "4618920"]
[BlackFideId "2000032"]
[EventDate "2015.10.13"]

1. d4 Nf6 2. c4 e6 3. Nc3 d5 4. cxd5 exd5 5. Bg5 c6 6. e3 h6 7. Bh4 Bf5 8. Qf3
Bg6 9. Bxf6 Qxf6 10. Qxf6 gxf6 11. Nf3 Nd7 12. Be2 Bd6 13. O-O O-O 14. Nh4 Nb6
15. Rac1 Rfe8 16. Rfd1 a5 17. Bd3 Kh7 18. Ne2 a4 19. g3 Bxd3 20. Rxd3 Nc4 21.
Rc2 Ra6 22. Nf5 Bf8 23. Kg2 Rb6 24. b3 axb3 25. Rxb3 Ra8 26. Rxb6 Nxb6 27. Rb2
Ra6 28. Nc1 Kg6 29. Nh4+ Kh7 30. Nd3 Ba3 31. Rb3 Bd6 32. Nc5 Bxc5 33. dxc5 Na4
34. Rxb7 Kg7 35. Nf5+ Kg6 36. Ne7+ Kg7 37. Rc7 Nxc5 38. Rxc6 Ra5 39. Nxd5 Ne4
40. Nc3 Nxc3 41. Rxc3 Rxa2 42. Kf3 f5 43. Rc6 Ra4 44. Rd6 h5 45. h4 f6 46. Rd4
Ra5 47. Kf4 Kg6 48. Rb4 Ra2 49. f3 Rf2 50. Rb5 Rf1 51. Rxf5 Rxf3+ 52. Kxf3 Kxf5
53. g4+ hxg4+ 54. Kg3 Kg6 55. Kxg4 1-0

[Event "World Blitz 2015"]
[Site "Berlin GER"]
[Date "2015.10.13"]
[Round "4.67"]
[White "Agrest, Evgenij"]
[Black "Kunin, Vitaly"]
[Result "1/2-1/2"]
[WhiteTitle "GM"]
[BlackTitle "GM"]
[WhiteElo "2596"]
[BlackElo "2556"]
[WhiteFideId "1705024"]
[BlackFideId "4128737"]
[EventDate "2015.10.13"]

1. c4 e5 2. Nc3 d6 3. g3 Nf6 4. Bg2 Be7 5. Nf3 O-O 6. d4 Nbd7 7. O-O c6 8. e4 a6
9. Qe2 b5 10. a3 Bb7 11. Rd1 Qc7 12. h3 Rfe8 13. Be3 Bf8 14. Rac1 bxc4 15. dxe5
Nxe5 16. Nxe5 dxe5 17. Qxc4 Qa5 18. Na4 c5 19. Nxc5 Bxc5 20. Bxc5 Rac8 21. Rc3
Bxe4 22. Bxe4 Nxe4 23. Qxe4 Rxc5 24. b4 Qa4 25. Rxc5 Qxd1+ 26. Kg2 h6 27. Rxe5
Rxe5 28. Qxe5 Qa4 29. Qc3 g6 30. h4 h5 31. Kf3 Qd1+ 32. Ke3 Qd6 33. Qd3 Qe6+ 34.
Kd2 Qa2+ 35. Ke1 Qe6+ 36. Kf1 Qc6 37. Kg1 Kh7 38. Qb3 Kg8 39. a4 Qc1+ 40. Kg2
Qc6+ 41. Kg1 Qc1+ 42. Kh2 Qd2 43. Kg2 Qd4 44. b5 axb5 45. axb5 Qb6 46. Qc4 Kf8
47. Qd5 Ke7 48. Kf3 Qf6+ 49. Ke2 Qb2+ 50. Ke3 Qc3+ 51. Ke4 Qe1+ 52. Kd3 Qxf2 53.
Qe5+ Kf8 54. Qd6+ Kg8 55. Qd8+ Kh7 56. Qc7 Qf1+ 57. Ke3 Qxb5 58. Qxf7+ Kh6 59.
Qf8+ Kh7 60. Qe7+ Kh6 61. Ke4 1/2-1/2

[Event "World Blitz 2015"]
[Site "Berlin GER"]
[Date "2015.10.13"]
[Round "4.68"]
[White "Bezold, Michael"]
[Black "Huzman, Alexander"]
[Result "1/2-1/2"]
[WhiteTitle "GM"]
[BlackTitle "GM"]
[WhiteElo "2509"]
[BlackElo "2580"]
[WhiteFideId "4601718"]
[BlackFideId "2803828"]
[EventDate "2015.10.13"]

1. c4 e6 2. Nf3 d5 3. g3 dxc4 4. Qa4+ Nd7 5. Qxc4 a6 6. Bg2 b5 7. Qc2 Bb7 8. O-O
Ngf6 9. d3 Be7 10. b3 O-O 11. Bb2 c5 12. Nbd2 Rc8 13. Rac1 Rc7 14. Ne5 Bxg2 15.
Kxg2 Nxe5 16. Bxe5 Rc8 17. Nf3 Nd5 18. Rfd1 f6 19. Bb2 e5 20. a3 Qd7 21. Qb1 Qb7
22. Kg1 Rfd8 23. Qa2 Kh8 24. Nh4 Bf8 25. Ba1 Qd7 26. Qd2 Qh3 27. Qe1 Nf4 28. Qf1
Qxf1+ 29. Kxf1 Ne6 30. e3 Kg8 31. Ke2 Kf7 32. Nf3 Rc7 33. Bb2 Rdc8 34. Nd2 Be7
35. g4 g6 36. Ne4 Nd8 37. Nd2 Ke6 38. Nf3 Nf7 39. Rc2 f5 40. gxf5+ gxf5 41. Rg1
Bf6 42. Nd2 Nd6 43. Rcc1 e4 44. Bxf6 exd3+ 45. Kxd3 Kxf6 46. Ke2 c4 47. bxc4
Nxc4 48. Nxc4 Rxc4 49. Rcd1 Rc2+ 50. Kf3 R8c6 51. Rd7 f4 52. Rxh7 fxe3 53. Rh6+
Kf7 54. Rxc6 Rxc6 55. fxe3 Rc3 56. Ra1 Ke6 57. Ke4 Rc4+ 58. Kd3 Ra4 59. Kc3 Ke5
60. Kb3 Re4 61. Re1 a5 62. Re2 Rc4 63. Rg2 Ke4 64. Rg4+ Kd3 65. Rg3 Re4 66. Rg5
a4+ 67. Kb2 Kc4 68. Rg3 Re5 69. h4 Rh5 70. Rg4+ Kd3 71. Rg5 Rxh4 72. Rxb5 Rh2+
73. Kb1 Kxe3 74. Rb4 Kd3 1/2-1/2

[Event "World Blitz 2015"]
[Site "Berlin GER"]
[Date "2015.10.13"]
[Round "4.69"]
[White "Rabiega, Robert"]
[Black "Agdestein, Simen"]
[Result "0-1"]
[WhiteTitle "GM"]
[BlackTitle "GM"]
[WhiteElo "2503"]
[BlackElo "2606"]
[WhiteFideId "4601475"]
[BlackFideId "1500015"]
[EventDate "2015.10.13"]

1. e4 e6 2. d4 d5 3. Nc3 a6 4. Nf3 Nf6 5. Bd3 c5 6. exd5 exd5 7. dxc5 Bxc5 8.
O-O O-O 9. Bg5 Be6 10. Qd2 Nbd7 11. a3 Re8 12. Rfe1 h6 13. Bf4 b5 14. h3 Nb6 15.
Rad1 Nc4 16. Bxc4 dxc4 17. Bxh6 Qxd2 18. Bxd2 Bf5 19. Rc1 Rxe1+ 20. Bxe1 Rd8 21.
Bd2 Ne4 22. Be3 Nxc3 23. bxc3 Bxa3 24. Ra1 Bb2 25. Rxa6 Bxc3 26. Rb6 b4 27. Bc5
Bxc2 28. Bxb4 Bf6 29. Rc6 Bd3 30. Bd6 c3 31. Be5 c2 32. Bxf6 gxf6 33. Ne1 Be4
34. Rxc2 Bxc2 35. Nxc2 Rd1+ 36. Kh2 Rd2 37. Ne3 Rxf2 38. Ng4 Rf1 39. Ne3 Re1 40.
Ng4 Kg7 41. Kg3 f5 42. Nh2 Kf6 43. Nf3 Ra1 44. h4 Ra4 45. Kh3 Rg4 46. Nh2 Rg8
47. Nf3 f4 48. Nd2 Rg3+ 49. Kh2 Kf5 50. Nf3 f6 51. Kh1 Rg8 52. Kh2 Kg4 53. Kg1
Kg3 54. Nd4 Rd8 55. Ne2+ Kg4 56. Kf2 Rh8 57. Nd4 Rxh4 58. Nf3 Rh1 59. Nd2 Ra1
60. Ne4 Ra2+ 61. Kg1 f5 62. Nf2+ Kh4 63. Kf1 Ra1+ 0-1

[Event "World Blitz 2015"]
[Site "Berlin GER"]
[Date "2015.10.13"]
[Round "4.70"]
[White "Riff, Jean-Noel"]
[Black "Lagno, Kateryna"]
[Result "1/2-1/2"]
[WhiteTitle "GM"]
[BlackTitle "GM"]
[WhiteElo "2499"]
[BlackElo "2523"]
[WhiteFideId "611190"]
[BlackFideId "14109336"]
[EventDate "2015.10.13"]

1. e4 e5 2. Nf3 Nc6 3. Bb5 a6 4. Ba4 Nf6 5. O-O Be7 6. Re1 b5 7. Bb3 d6 8. c3
O-O 9. h3 Re8 10. d4 Bb7 11. Nbd2 exd4 12. cxd4 Nd7 13. Nf1 Na5 14. Bc2 Bf6 15.
Ng3 g6 16. b3 c5 17. Bb2 cxd4 18. Nxd4 Rc8 19. Rc1 Qb6 20. Ba1 Nc6 21. Nxc6 Rxc6
22. Bxf6 Nxf6 23. Qf3 Nd7 24. Bb1 Ne5 25. Qf4 Rec8 26. Rcd1 b4 27. Nf1 Kg7 28.
Ne3 Rc3 29. Ng4 Nxg4 30. hxg4 Qc5 31. Rxd6 Rc1 32. Qf6+ Kg8 33. Rdd1 Rxd1 34.
Rxd1 Bc6 35. Bd3 Bb5 36. Bxb5 Qxb5 37. e5 Qe2 38. Rd7 Rf8 39. e6 Qxe6 40. Qxe6
fxe6 41. Rd6 a5 42. Ra6 Rc8 43. Rxa5 Rc2 44. g5 h6 45. gxh6 Kh7 46. f3 Kxh6 47.
Kh2 g5 48. Ra6 Re2 49. Rb6 Kg6 50. Rxb4 Rxa2 51. Rb6 Kf5 52. Kg3 Rb2 53. b4 e5
54. Rb8 e4 55. Rf8+ Kg6 56. fxe4 Rxb4 57. Re8 Kf7 58. Re5 Kf6 59. Rf5+ Kg6 60.
Kf3 Ra4 61. Rb5 Kf6 62. Rb6+ Ke5 63. Rb5+ Kf6 64. g3 Rc4 65. Rf5+ Kg6 66. Rd5
Kf6 67. Ke3 Ra4 68. Rd6+ Ke5 69. Rd5+ Kf6 70. Rb5 1/2-1/2

[Event "World Blitz 2015"]
[Site "Berlin GER"]
[Date "2015.10.13"]
[Round "4.71"]
[White "Nielsen, Peter Heine"]
[Black "Ernst, Sipke"]
[Result "1-0"]
[WhiteTitle "GM"]
[BlackTitle "GM"]
[WhiteElo "2654"]
[BlackElo "2527"]
[WhiteFideId "1400355"]
[BlackFideId "1004689"]
[EventDate "2015.10.13"]

1. e4 e5 2. Nf3 Nc6 3. d3 d6 4. g3 g6 5. Bg2 Bg7 6. O-O h5 7. h3 h4 8. g4 f5 9.
g5 Be6 10. Nc3 Qd7 11. Kh2 Nge7 12. a3 d5 13. b4 d4 14. Ne2 fxe4 15. dxe4 Bc4
16. Re1 a5 17. Bd2 a4 18. c3 b5 19. Rc1 d3 20. Ned4 exd4 21. Nxd4 Nxd4 22. cxd4
Bxd4 23. f4 Bf2 24. Rf1 Bg3+ 25. Kh1 O-O 26. Be3 Nc6 27. Qf3 Ne5 28. Qd1 d2 29.
Bxd2 Rad8 30. Bc3 Bxf1 31. Qxf1 Nc4 32. Qe2 Rxf4 33. e5 Qd3 1-0

[Event "World Blitz 2015"]
[Site "Berlin GER"]
[Date "2015.10.13"]
[Round "4.72"]
[White "Papin, Vasily"]
[Black "Teske, Henrik"]
[Result "1-0"]
[WhiteTitle "GM"]
[BlackTitle "GM"]
[WhiteElo "2502"]
[BlackElo "2475"]
[WhiteFideId "4143183"]
[BlackFideId "4611500"]
[EventDate "2015.10.13"]

1. c4 Nf6 2. g3 g6 3. Bg2 Bg7 4. Nc3 O-O 5. d4 c6 6. e4 d6 7. Nge2 a6 8. O-O b5
9. cxb5 axb5 10. e5 dxe5 11. dxe5 Ng4 12. f4 Qb6+ 13. Qd4 Ra6 14. Qxb6 Rxb6 15.
h3 Nh6 16. Be3 Ra6 17. g4 f6 18. exf6 exf6 19. Nd4 f5 20. g5 Nf7 21. Rfd1 Re8
22. Bf2 b4 23. Nb1 Nd6 24. Nd2 Nb5 25. N2b3 Nxd4 26. Bxd4 Be6 27. Bxg7 Bxb3 28.
axb3 Rxa1 29. Rxa1 Kxg7 30. Ra7+ Kg8 31. Bf1 Rd8 32. Bc4+ Kh8 33. Rb7 c5 34. Rc7
Nd7 35. Kf2 Nb6 36. Rxc5 Rd2+ 37. Ke3 Nxc4+ 38. Rxc4 Rxb2 39. Rxb4 Rh2 40. Rb7
Rxh3+ 41. Kd4 h6 42. Ke5 hxg5 43. fxg5 Rc3 44. b4 Kg8 45. b5 Rd3 46. b6 f4 47.
Rc7 1-0

[Event "World Blitz 2015"]
[Site "Berlin GER"]
[Date "2015.10.13"]
[Round "4.73"]
[White "Ladva, Ottomar"]
[Black "Bindrich, Falko"]
[Result "1-0"]
[WhiteTitle "IM"]
[BlackTitle "GM"]
[WhiteElo "2423"]
[BlackElo "2594"]
[WhiteFideId "4500024"]
[BlackFideId "4676670"]
[EventDate "2015.10.13"]

1. d4 Nf6 2. c4 e6 3. Nc3 Bb4 4. Qc2 d6 5. e3 Nbd7 6. Nf3 O-O 7. Bd3 b6 8. O-O
Bb7 9. Ne4 Nxe4 10. Bxe4 Bxe4 11. Qxe4 Nf6 12. Qc2 d5 13. cxd5 exd5 14. Bd2 Bd6
15. a3 a5 16. Rac1 Ne4 17. Ne5 Qe7 18. Nc6 Qh4 19. h3 Rae8 20. Be1 Qh6 21. b4
axb4 22. Bxb4 Re6 23. Bxd6 cxd6 24. Nb4 Ng5 25. f4 Nxh3+ 26. gxh3 Rxe3 27. Qg2
Rxh3 28. Nxd5 Rxa3 29. Rf3 Rxf3 30. Qxf3 Qg6+ 31. Qg2 Qd3 32. Qf2 b5 33. Qe3
Qg6+ 34. Kf2 Qh5 35. Qf3 Qh4+ 36. Qg3 Qd8 37. Rg1 g6 38. Rh1 f5 39. Qe3 Qa5 40.
Qe6+ Kh8 41. Qe7 Qd2+ 42. Kf3 Qd3+ 43. Ne3 Qe4+ 44. Qxe4 fxe4+ 45. Kxe4 Re8+ 46.
Kf3 Rc8 47. Rb1 Rb8 48. Nd5 Kg7 49. Rb4 h5 50. Nc7 Rb7 51. Nxb5 d5 52. Rb1 Kf6
53. Nc3 Rd7 54. Rb6+ Kf5 55. Rb5 Ra7 56. Rxd5+ Kf6 57. Ne4+ Ke6 58. Rd6+ Kf7 59.
Ng5+ Kg7 60. d5 Ra3+ 61. Ke4 Ra1 62. Rd7+ Kf8 63. d6 Re1+ 64. Kd5 Rd1+ 65. Ke5
h4 66. Kf6 Ke8 67. Re7+ Kd8 68. Ne6+ Kc8 69. Rc7+ Kb8 70. d7 h3 71. Rc8+ Kb7 72.
d8=Q 1-0